Súčasný stav využívania úverov v obchodných firmách v SR diplomová práca

Saved in:
Bibliographic Details
Main Author: Ludasová, Miriama
Corporate Author: Obchodná fakulta EU. Katedra obchodného práva
Other Authors: Kropaj, Marián, 1983-
Format: Book
Language:Slovak
Published: Bratislava 2014
Tags: Add Tag
No Tags, Be the first to tag this record!

MARC

LEADER 00000nbm a2200000 4500
001 0185957
005 20170201094114.8
041 0 |a slo 
044 |a SK 
245 1 0 |a Súčasný stav využívania úverov v obchodných firmách v SR  |b diplomová práca  |c Miriama Ludasová ; školiteľ: Marian Kropaj 
264 1 |a Bratislava  |c 2014 
300 |a 75 s. 
100 1 |a Ludasová, Miriama 
700 1 |a Kropaj, Marián, 1983- 
710 2 |a Obchodná fakulta EU. Katedra obchodného práva